島根県の戦前市制・町制 - Statistics

General Stats
  • This quiz has been taken 100 times
  • The average score is 25 of 33
Answer Stats
施行日 施行内容 所属郡 回答 % Correct
1889.04.01 市制 (市) 松江市
100%
1941.11.03 市制 (市) 出雲市
100%
1889.04.01 町制 能義郡 安来町
98%
1889.04.01 町制 那賀郡 浜田町
98%
1889.04.01 町制 美濃郡 益田町
98%
1903.11.06 町制 安濃郡 大田町
98%
1940.11.03 市制 (市) 浜田市
98%
1889.04.01 町制 楯縫郡 平田町
95%
1889.04.01 町制 鹿足郡 津和野町
95%
1927.04.01 町制 邑智郡 川本町
93%
1891.04.01 町制 大原郡 木次町
91%
1927.11.01 町制 八束郡 宍道町
91%
1913.07.01 町制 那賀郡 江津町
89%
1928.11.01 町制 飯石郡 三刀屋町
89%
1903.11.06 町制 邇摩郡 温泉津町
86%
1903.11.06 町制 大原郡 大東町
80%
1904.04.01 町制 周吉郡 西郷町
80%
1924.01.01 町制 八束郡 美保関町
80%
1889.04.01 町制 神門郡 杵築町
70%
1889.04.01 町制 神門郡 今市町
70%
1941.07.01 町制 仁多郡 横田町
70%
1889.04.01 町制 能義郡 広瀬町
64%
1936.05.10 町制 邇摩郡 仁万町
64%
1922.04.01 町制 那賀郡 都野津町
57%
1934.08.01 町制 飯石郡 赤名町
57%
1929.10.02 町制 大原郡 加茂町
55%
1941.07.01 町制 仁多郡 三成町
52%
1903.11.06 町制 邇摩郡 大森町
50%
1922.10.01 町制 美濃郡 高津町
50%
1927.04.01 町制 那賀郡 三隅町
48%
1934.07.01 町制 美濃郡 吉田町
45%
1935.01.01 町制 八束郡 揖屋町
43%
1937.05.28 町制 安濃郡 久手町
34%
No matching quizzes found
Score Distribution
Percent of People with Each Score
Percentile by Number Answered
Your Score History
You have not taken this quiz